LEADER 01012nam0-2200349---450- 001 990009662070403321 005 20130122143829.0 010 $a978-88-15-12765-5 035 $a000966207 035 $aFED01000966207 035 $a(Aleph)000966207FED01 035 $a000966207 100 $a20130107d2009----km-y0itay50------ba 101 0 $aita 102 $aIT 105 $aa-------001yy 200 1 $a<>Spagna di Zapatero$ea cura di Anna Bosco e Ignacio Sanchez-Cuenca 210 $aBologna$cIl mulino$d2009 215 $a238 p.$cill.$d22 cm 225 1 $aElezioni, governi, democrazia 610 0 $aZapatero, Jose Luis Rodriguez 676 $a946.083$v22$zita 702 1$aBosco,$bAnna 702 1$aSánchez-Cuenca,$bIgnacio 712 02$aFondazione di ricerca Istituto Carlo Cattaneo 801 0$aIT$bUNINA$gREICAT$2UNIMARC 901 $aBK 912 $a990009662070403321 952 $aXIV B 2355$b47662$fFSPBC 959 $aFSPBC 996 $aSpagna di Zapatero$9840819 997 $aUNINA LEADER 02118nam a2200469 i 4500 001 991001416839707536 008 060113s2000 sz a b 001 0 eng d 020 $a3764329645 (set) 020 $a3764363975 (v. 1) 020 $a3764363983 (v. 2) 035 $ab13369283-39ule_inst 040 $aDip.to Matematica$beng 041 1 $aeng$hgerrus 082 0 $a515.353$221 084 $aAMS 35J25 084 $aAMS 35B25 084 $aAMS 73B27 084 $aAMS 35B40 084 $aAMS 73C02 084 $aAMS 35J40 084 $aLC QA379.M3913 100 1 $aMaz'ya, Vladimir G.$0350133 240 10$aAsimptotika resheniæi çellipticheskikh kraevykh zadach pri singulëiìarnykh vozmushcheniëiìakh oblasti.$lEnglish$925094 245 10$aAsymptotic theory of elliptic boundary value problems in singularly perturbed domains /$cVladimir Maz'ya, Serguei Nazarov, Boris Plamenevskij ; translated from the German by Georg Heinig and Christian Posthoff 260 $aBasel ;$aBoston ;$aBerlin :$bBirkhäuser Verlag,$cc2000 300 $a2 v. :$bill. ;$c24 cm 440 0$aOOperator theory.$pAdvances and applications ;$v111-112 500 $aVol. 2 translated from the German by Boris Plamenevskij 504 $aIncludes bibliographical references and indexes 650 0$aBoundary value problems$xAsymptotic theory 650 0$aDifferential equations, Elliptic$xAsymptotic theory 650 0$aPerturbation (Mathematics) 650 0$aSingularities (Mathematics) 700 1 $aNazarov, Serguei A. 700 1 $aPlamenevskiæi, Boris A. 907 $a.b13369283$b02-04-14$c13-01-06 912 $a991001416839707536 945 $aLE013 35J MAZ11 V.I (2000)$cV. 1$g1$i2013000201610$lle013$op$pE208.00$q-$rl$s- $t0$u0$v0$w0$x0$y.i14208805$z21-03-06 945 $aLE013 35J MAZ11 V.II (2000)$cV. 2$g1$i2013000201627$lle013$op$pE208.00$q-$rl$s- $t0$u0$v0$w0$x0$y.i14208817$z21-03-06 996 $aAsimptotika resheniæi çellipticheskikh kraevykh zadach pri singulëiìarnykh vozmushcheniëiìakh oblasti$925094 997 $aUNISALENTO 998 $ale013$b13-01-06$cm$da $e-$feng$gsz $h0$i0